000 00514nam a22001697a 4500
005 20230124160414.0
040 _curs
050 _aKF 5617 T21 A47 2012
100 _93421
_aAmpongan, Omar Erasmo G.
_eauthor
245 _aCPA reviewer in taxation
_cOmar Erasmo G. Ampongan
260 _a[S.l. :
_bs.n.]
_c2012
336 _2rdacontent
_atext
_btxt
337 _2rdamedia
_aunmediated
_bn
338 _2rdacarrier
_avolume
_bnc
690 _92920
_aTaxation
_bPhilippines
_vExaminations, questions, etc.
942 _2lcc
_cF
999 _c67894
_d67894